| 000 | 00711nam a2200217 a 4500 | ||
|---|---|---|---|
| 001 | 000024825 | ||
| 005 | 20200930023407.0 | ||
| 008 | 110204s1970 ag r 001 0 spa d | ||
| 040 |
_aDO-SdBNP _bspa _cBNPHU |
||
| 082 |
_ann* _bnn* |
||
| 100 | 1 |
_aRama, Carlos M. _946785 |
|
| 245 | 1 | 3 |
_aLa historia y la novela : _by otros ensayos historiográficos / _cCarlos M. Rama. |
| 260 |
_aBuenos Aires : _bNova, _c1970. |
||
| 300 |
_a169 p. ; _c20 cm. |
||
| 490 | 1 | _aBiblioteca Histórica | |
| 500 | _aIncluye referencias bibliográficas y notas al pie de las páginas. | ||
| 504 | _aBibliografía : [157]-160 p. | ||
| 500 | _aIncluye índice de nombres. | ||
| 830 | 0 |
_aBiblioteca Histórica _950943 |
|
| 049 | _aBNGR | ||
| 999 |
_c24318 _d24318 |
||